Молодость в строю: сборник очерков

Bibliografske podrobnosti
Drugi avtorji: Кучеров А. М. (составитель)
Jezik:ruščina
Izdano: Москва, Воениздат, 1978
Teme:
Format: MixedMaterials Knjiga
KOHA link:https://koha.lib.tpu.ru/cgi-bin/koha/opac-detail.pl?biblionumber=371915

MARC

LEADER 00000nam0a2200000 4500
001 371915
005 20231102012427.0
035 |a (RuTPU)RU\TPU\retro\29329 
090 |a 371915 
100 |a 20221125d1978 m y0rusy50 ca 
101 0 |a rus 
102 |a RU 
105 |a a z 000zy 
200 1 |a Молодость в строю  |e сборник очерков  |f сост. А. М. Кучеров 
210 |a Москва  |c Воениздат  |d 1978 
215 |a 200 с.  |c ил. 
606 1 |a ВЛКСМ  |2 stltpush  |3 (RuTPU)RU\TPU\subj\2604  |9 31153 
610 1 |a армейский комсомол 
610 1 |a флотский комсомол 
610 1 |a воспоминания 
686 |a Ф75(2)  |v LBC/SL-A  |2 rubbk 
702 1 |a Кучеров  |b А. М.  |4 220 
801 1 |a RU  |b 63413507  |c 20221125 
942 |c BK